Učitavanje...

Financial managment: Principles and problems

Bibliografski detalji
Glavni autor: Srivastava, R M; Verma, Shubhra
Format: Printed Book
Izdano: Pragati Prakashan: Meerut 2002
Izdanje:7 edition
Teme:
LEADER 00638nam a2200193 4500
020 |a 817556430X  |c 240 
082 |a R 658.159 SRI 
100 |a Srivastava, R M; Verma, Shubhra 
245 |a Financial managment: Principles and problems  |c Srivastava, R M; Verma, Shubhra 
250 |a 7 edition 
260 |a Pragati Prakashan: Meerut  |c 2002 
300 |a 705 p 
490
500
590 |a Modern Book Centre  |b WCD1292/02; 26-10-02 
650 |a Financial management 
942 |c BK 
999 |c 137403  |d 137403 
952 |0 0  |1 0  |4 0  |6 R_658_159000000000000_SRI  |7 0  |9 150863  |a IMK  |b IMK  |g 240.00  |l 0  |o R 658.159 SRI  |p IMK04409  |r 2019-10-25  |w 2019-10-25  |y BK